logo

Bir Sreshtho Munshi Abdur Rouf Library
Jhenaidah Cadet College

মধ্যযুগের মুসলিম ইতিহাস (১২৫৮-১৮০০) / (Record no. 7722)

MARC details
000 -LEADER
fixed length control field 00770nam a2200217 a 4500
001 - CONTROL NUMBER
JCCL Control Number 7722
003 - CONTROL NUMBER IDENTIFIER
JCCL marc code BD-JhCC
005 - DATE AND TIME OF LATEST TRANSACTION
control field 20180213122424.0
008 - FIXED-LENGTH DATA ELEMENTS--GENERAL INFORMATION
fixed length control field 180127s1976 bg |||| |||| 000 0 ben d
035 ## - SYSTEM CONTROL NUMBER
system control number (BD-JhCC) 7722
040 ## - CATALOGING SOURCE
Original cataloging agency BD-JhCC
Modifying agency BD-JhCC
041 ## - LANGUAGE CODE
Language code of Book ben
082 ## - DEWEY DECIMAL CLASSIFICATION NUMBER
Classification number 950.2
Author mark and Year AHM 1976
100 ## - MAIN ENTRY--PERSONAL NAME
Personal name আহমেদ, আশরাফউদ্দিন
245 ## - TITLE STATEMENT
Title মধ্যযুগের মুসলিম ইতিহাস (১২৫৮-১৮০০) /
Remainder of title আশরাফউদ্দিন আহমেদ
260 ## - PUBLICATION, DISTRIBUTION, ETC. (IMPRINT)
Place of publication, distribution, etc ঢাকা :
Name of publisher, distributor, etc বাংলা একাডেমী ,
Date of publication, distribution, etc ১৯৭৬.
300 ## - PHYSICAL DESCRIPTION
Pagination ৫৫৯ পৃ :
Dimensions ২২ সেমি.
650 ## - SUBJECT ADDED ENTRY--TOPICAL TERM
Topical term or geographic name as entry element History of Muslim
Chronological subdivision Mediae Ages
942 ## - ADDED ENTRY ELEMENTS (KOHA)
Source of classification or shelving scheme Dewey Decimal Classification
Koha item type Books
Holdings
Source of classification or shelving scheme Damaged status Not for loan Home library Current library Shelving location Date of accession Cost, normal purchase price Total Checkouts Full call number Barcode Date last seen Copy number Koha item type
Dewey Decimal Classification     JCC Rouf Library JCC Rouf Library General Stacks 02/13/2018 45.00   950.2 AHM 1976 10053 02/13/2018 C-1 Books

JCC Library | Contacts | JCC Home

Last Update on 23 September 2017
Copyright @ 2017-2020 JCC Rouf Library
Rouf Library, Jhenidah Cadet College (JCC), Bangladesh